[Event "FSGM December 2012"]
[Site "Budapest HUN"]
[Date "2012.12.05"]
[Round "4.3"]
[White "Antipov,M2"]
[Black "Varga,Zo"]
[Result "1-0"]
[WhiteTitle "IM"]
[BlackTitle "GM"]
[WhiteElo "2456"]
[BlackElo "2455"]
[WhiteFideId "4107012"]
[BlackFideId "700509"]
[EventDate "2012.12.01"]

1. e4 d5 2. exd5 Qxd5 3. Nc3 Qa5 4. d4 Nf6 5. Nf3 Bg4 6. h3 Bh5 7. g4 Bg6 8. Ne5
e6 9. Bg2 c6 10. O-O Nbd7 11. Nc4 Qa6 12. b3 Rd8 13. Qe2 Nb6 14. Bxc6+ bxc6 15.
Nd6+ Bxd6 16. Qxa6 1-0

[Event "FSGM December 2012"]
[Site "Budapest HUN"]
[Date "2012.12.05"]
[Round "4.4"]
[White "Franco Alonso,A"]
[Black "Lalic,B"]
[Result "1/2-1/2"]
[WhiteTitle "IM"]
[BlackTitle "GM"]
[WhiteElo "2480"]
[BlackElo "2484"]
[WhiteFideId "2214067"]
[BlackFideId "409081"]
[EventDate "2012.12.01"]

1. Nf3 Nf6 2. c4 e6 3. g3 d5 4. Bg2 dxc4 5. Qa4+ c6 6. Qxc4 b5 7. Qc2 Bb7 8. O-O
Nbd7 9. Nc3 Be7 10. d3 Rc8 11. e4 O-O 12. h3 a6 13. a4 b4 14. Nb1 Nc5 15. Rd1 a5
16. b3 Ba6 17. Bf1 Nfd7 18. Bb2 f5 19. exf5 Rxf5 20. Nbd2 Qf8 21. d4 Bxf1 22.
Rxf1 Rxf3 23. Nxf3 Qxf3 1/2-1/2

[Event "FSGM December 2012"]
[Site "Budapest HUN"]
[Date "2012.12.05"]
[Round "4.5"]
[White "Radlovacki,J"]
[Black "Tesik,C"]
[Result "1-0"]
[WhiteTitle "IM"]
[BlackTitle "FM"]
[WhiteElo "2419"]
[BlackElo "2369"]
[WhiteFideId "907430"]
[BlackFideId "735582"]
[EventDate "2012.12.01"]

1. d4 Nf6 2. Nf3 g6 3. Bf4 Bg7 4. e3 d6 5. h3 O-O 6. Be2 Nbd7 7. O-O c5 8. c4
Ne4 9. Qc2 Ndf6 10. Bd3 d5 11. Rd1 Be6 12. dxc5 Rc8 13. c6 bxc6 14. Nd4 Bd7 15.
c5 Qe8 16. Be5 Ng5 17. Ba6 Rd8 18. Nd2 Nh5 19. Bc7 e5 20. N4f3 Nxf3+ 21. Nxf3 f5
22. Bxd8 Qxd8 23. Be2 e4 24. Nd4 f4 25. Bxh5 gxh5 26. exf4 Rxf4 27. Qe2 Qf8 28.
Rac1 h4 29. Rc3 Be5 30. Ra3 Qxc5 31. Qh5 Bg7 32. Qg5 Rf8 33. Rc3 Qd6 34. Qxh4 c5
35. Nb3 c4 36. Rxc4 e3 37. fxe3 Qe6 38. Rc2 Qxe3+ 39. Kh1 Bf5 40. Rf2 Be4 41.
Rxf8+ Kxf8 42. Rf1+ Ke8 43. Re1 Qb6 44. Nd2 1-0

[Event "FSGM December 2012"]
[Site "Budapest HUN"]
[Date "2012.12.06"]
[Round "5.1"]
[White "Tesik,C"]
[Black "Dastan,B"]
[Result "0-1"]
[WhiteTitle "FM"]
[BlackTitle "FM"]
[WhiteElo "2369"]
[BlackElo "2370"]
[WhiteFideId "735582"]
[BlackFideId "6300014"]
[EventDate "2012.12.01"]

1. e4 c5 2. Nf3 d6 3. d4 cxd4 4. Nxd4 Nf6 5. Nc3 a6 6. Bg5 Nbd7 7. Bc4 Qb6 8.
Bb3 e6 9. Bxf6 Nxf6 10. f4 g6 11. Qd2 Bh6 12. O-O-O O-O 13. Nde2 Bd7 14. Qd3
Rad8 15. Kb1 Qc5 16. Rhf1 b5 17. a3 a5 18. f5 b4 19. fxe6 fxe6 20. axb4 axb4 21.
Na2 Bb5 22. Qf3 Nd5 23. Qg4 Ne3 24. Qxe6+ Kh8 25. Rxf8+ Rxf8 0-1

[Event "FSGM December 2012"]
[Site "Budapest HUN"]
[Date "2012.12.06"]
[Round "5.2"]
[White "Lalic,B"]
[Black "Radlovacki,J"]
[Result "1/2-1/2"]
[WhiteTitle "GM"]
[BlackTitle "IM"]
[WhiteElo "2484"]
[BlackElo "2419"]
[WhiteFideId "409081"]
[BlackFideId "907430"]
[EventDate "2012.12.01"]

1. d4 Nf6 2. c4 e6 3. g3 Bb4+ 4. Bd2 Bxd2+ 5. Qxd2 d5 6. Bg2 O-O 7. Nf3 Nbd7 8.
O-O c6 9. Rc1 Qe7 10. Qf4 b6 11. Nbd2 Ba6 12. e4 dxe4 13. Nxe4 Nxe4 14. Qxe4 c5
15. Qe3 Bb7 16. d5 Qf6 17. dxe6 fxe6 18. Rc3 Rad8 19. Re1 Rfe8 20. Rd3 Nf8 21.
Rxd8 Rxd8 22. Ne5 Bxg2 23. Kxg2 h6 24. Re2 Rd6 25. Qe4 Qe7 26. h4 Qc7 27. Qf3
Nh7 28. Ng6 Nf6 29. h5 Qb8 30. a3 Qe8 31. b4 Kh7 32. bxc5 bxc5 33. Nf4 e5 34.
Nd5 Nxd5 35. cxd5 Kg8 36. Qe4 Qxh5 37. Rc2 Qg6 38. Qxg6 Rxg6 39. Rxc5 1/2-1/2

[Event "FSGM December 2012"]
[Site "Budapest HUN"]
[Date "2012.12.06"]
[Round "5.3"]
[White "Varga,Zo"]
[Black "Franco Alonso,A"]
[Result "0-1"]
[WhiteTitle "GM"]
[BlackTitle "IM"]
[WhiteElo "2455"]
[BlackElo "2480"]
[WhiteFideId "700509"]
[BlackFideId "2214067"]
[EventDate "2012.12.01"]

1. c4 e5 2. Nc3 Nf6 3. Nf3 Nc6 4. e3 Bb4 5. Qc2 Bxc3 6. Qxc3 Qe7 7. d3 d5 8.
cxd5 Nxd5 9. Qc2 Ndb4 10. Qb1 Qc5 11. Kd1 Be6 12. Ng5 O-O-O 13. Nxe6 fxe6 14.
Bd2 Rd7 15. a3 Nxd3 16. Bxd3 Rhd8 17. Qc2 Qf8 18. Ke2 Rxd3 19. Qxd3 Rxd3 20.
Kxd3 Qxf2 21. Raf1 Qxg2 22. Rhg1 Qd5+ 23. Kc2 b6 24. Rf7 g6 25. Rxh7 Qe4+ 26.
Kd1 Qb1+ 27. Bc1 Qd3+ 28. Ke1 Na5 29. Rg7 Qc2 30. Bd2 Nc4 0-1

[Event "FSGM December 2012"]
[Site "Budapest HUN"]
[Date "2012.12.06"]
[Round "5.5"]
[White "Arngrimsson,D"]
[Black "Bagi,M"]
[Result "1-0"]
[WhiteTitle "IM"]
[BlackTitle "FM"]
[WhiteElo "2384"]
[BlackElo "2364"]
[WhiteFideId "2301288"]
[BlackFideId "742570"]
[EventDate "2012.12.01"]

1. d4 Nf6 2. c4 g6 3. Nc3 d5 4. Nf3 Bg7 5. Qb3 dxc4 6. Qxc4 O-O 7. e4 Be6 8. d5
Bc8 9. Bf4 c6 10. Rd1 cxd5 11. exd5 Ne8 12. Be2 Nd6 13. Qb3 Nd7 14. O-O Nb6 15.
Rfe1 Bg4 16. h3 Bxf3 17. Bxf3 Nbc4 18. Ne4 Nxe4 19. Rxe4 Nd6 20. Re2 Rc8 21. Bg4
Rc7 22. Rde1 Bf6 23. g3 Re8 24. Be5 Bxe5 25. Rxe5 Rc8 26. Qe3 Rc7 27. b3 Nb5 28.
a4 Nc3 29. Qxa7 Nxd5 30. Qd4 Nf6 31. Qxd8 Rxd8 32. Rxe7 Rc2 33. R1e2 Rc3 34.
R2e3 Rc2 35. Rxb7 Rdd2 36. Rf3 Ne4 37. Rfxf7 Nxf2 38. Be6 Nxh3+ 39. Bxh3 Rc3 40.
Be6 Rxg3+ 41. Kf1 1-0

[Event "FSGM December 2012"]
[Site "Budapest HUN"]
[Date "2012.12.07"]
[Round "6.2"]
[White "Antipov,M2"]
[Black "Arngrimsson,D"]
[Result "1-0"]
[WhiteTitle "IM"]
[BlackTitle "IM"]
[WhiteElo "2456"]
[BlackElo "2384"]
[WhiteFideId "4107012"]
[BlackFideId "2301288"]
[EventDate "2012.12.01"]

1. e4 c5 2. Nf3 d6 3. d4 cxd4 4. Nxd4 Nf6 5. Nc3 g6 6. Be3 Bg7 7. f3 O-O 8. Qd2
Nc6 9. Bc4 Bd7 10. O-O-O Rc8 11. Bb3 Nxd4 12. Bxd4 b5 13. Nd5 Nxd5 14. Bxg7 Kxg7
15. exd5 a5 16. a3 Kg8 17. g4 Qb6 18. h4 a4 19. Ba2 h5 20. Rhg1 Rc5 21. Kb1 Rfc8
22. c3 hxg4 23. fxg4 Rc4 24. Bxc4 Rxc4 25. Qg5 Qf2 26. h5 Qf6 27. Qxf6 exf6 28.
Rdf1 Kg7 29. h6+ Kxh6 30. Rxf6 Bxg4 31. Rxd6 f5 32. Rc6 Kg5 33. Kc2 Re4 34. Kd3
Re8 35. Kd4 f4 36. Re6 Rf8 37. Ke5 1-0

[Event "FSGM December 2012"]
[Site "Budapest HUN"]
[Date "2012.12.07"]
[Round "6.3"]
[White "Franco Alonso,A"]
[Black "Czebe,A"]
[Result "1-0"]
[WhiteTitle "IM"]
[BlackTitle "GM"]
[WhiteElo "2480"]
[BlackElo "2481"]
[WhiteFideId "2214067"]
[BlackFideId "705268"]
[EventDate "2012.12.01"]

1. c4 b6 2. Nc3 e6 3. e4 c5 4. g3 Bb7 5. Bg2 d6 6. Nge2 Nf6 7. O-O Nbd7 8. f4
Qc7 9. d3 Be7 10. h3 O-O 11. Be3 a6 12. g4 g6 13. Ng3 Ne8 14. g5 Ng7 15. h4 f5
16. h5 Nxh5 17. Nxh5 gxh5 18. Qxh5 Rf7 19. Rf2 Nf8 20. Re1 Ng6 21. exf5 exf5 22.
Nd5 Qd8 23. Bd2 Ra7 24. Rfe2 Ba8 1-0

[Event "FSGM December 2012"]
[Site "Budapest HUN"]
[Date "2012.12.07"]
[Round "6.4"]
[White "Radlovacki,J"]
[Black "Varga,Zo"]
[Result "1/2-1/2"]
[WhiteTitle "IM"]
[BlackTitle "GM"]
[WhiteElo "2419"]
[BlackElo "2455"]
[WhiteFideId "907430"]
[BlackFideId "700509"]
[EventDate "2012.12.01"]

1. d4 d5 2. Bf4 c6 3. c3 Bg4 4. Nd2 e6 5. Ngf3 Bd6 6. Ne5 Bh5 7. Qb3 b6 8. e4
Ne7 9. Nd3 dxe4 10. Nxe4 Bc7 11. Ng3 Bg6 12. Ne5 Nd5 13. Nxg6 hxg6 14. Bxc7 Qxc7
15. c4 1/2-1/2

[Event "FSGM December 2012"]
[Site "Budapest HUN"]
[Date "2012.12.07"]
[Round "6.5"]
[White "Tesik,C"]
[Black "Lalic,B"]
[Result "1-0"]
[WhiteTitle "FM"]
[BlackTitle "GM"]
[WhiteElo "2369"]
[BlackElo "2484"]
[WhiteFideId "735582"]
[BlackFideId "409081"]
[EventDate "2012.12.01"]

1. e4 e5 2. Nf3 Nc6 3. Bb5 f5 4. Nc3 fxe4 5. Nxe4 Nf6 6. Qe2 d5 7. Ng3 Bd6 8.
Nxe5 O-O 9. Nxc6 bxc6 10. Bxc6 Rb8 11. O-O Rb6 12. Ba4 Ng4 13. Bb3 Nxh2 14. Kxh2
Qh4+ 15. Kg1 Bg4 16. Bxd5+ Kh8 17. Qc4 Bf4 18. Bc6 Qf6 19. d3 Bxg3 20. Be3 Be2
21. fxg3 Bxf1 22. Bf3 Qxb2 23. Bd4 Bxd3 24. Qxd3 Qb4 25. Bxb6 axb6 26. Rd1 1-0

[Event "FSGM December 2012"]
[Site "Budapest HUN"]
[Date "2012.12.08"]
[Round "7.1"]
[White "Lalic,B"]
[Black "Dastan,B"]
[Result "1-0"]
[WhiteTitle "GM"]
[BlackTitle "FM"]
[WhiteElo "2484"]
[BlackElo "2370"]
[WhiteFideId "409081"]
[BlackFideId "6300014"]
[EventDate "2012.12.01"]

1. d4 d5 2. c4 e6 3. Nc3 Nf6 4. cxd5 exd5 5. Bg5 c6 6. Qc2 Be7 7. e3 Nbd7 8. Nf3
O-O 9. Bd3 Re8 10. h3 Nf8 11. Bf4 Ne6 12. Be5 g6 13. O-O-O b5 14. Kb1 Bd7 15. g4
b4 16. Na4 Qa5 17. Nc5 Nxc5 18. dxc5 Bc8 19. Bd4 Ba6 20. Ne5 Bxd3 21. Nxd3 Rab8
22. f3 Nd7 23. h4 b3 24. axb3 Qb5 25. b4 a5 26. bxa5 Qxa5 27. h5 g5 28. Rhe1 Ra8
29. Kc1 Reb8 30. e4 Qa1+ 31. Kd2 Qa4 32. Qxa4 Rxa4 33. b4 Ra2+ 34. Ke3 dxe4 35.
Kxe4 Rba8 36. Ra1 f6 37. Rxa2 Rxa2 38. Ra1 Rxa1 39. Bxa1 Kf7 40. Kd4 Ke6 41. Kc4
Nb8 42. b5 Bd8 43. Nb4 cxb5+ 44. Kxb5 Nd7 45. Bd4 Bc7 46. Na6 1-0

[Event "FSGM December 2012"]
[Site "Budapest HUN"]
[Date "2012.12.08"]
[Round "7.2"]
[White "Varga,Zo"]
[Black "Tesik,C"]
[Result "1-0"]
[WhiteTitle "GM"]
[BlackTitle "FM"]
[WhiteElo "2455"]
[BlackElo "2369"]
[WhiteFideId "700509"]
[BlackFideId "735582"]
[EventDate "2012.12.01"]

1. e4 e5 2. Nf3 Nc6 3. Nc3 Nf6 4. Bb5 Nd4 5. Bd3 Nc6 6. O-O d6 7. Bb5 a6 8.
Bxc6+ bxc6 9. d4 Nd7 10. Bg5 Be7 11. Bxe7 Qxe7 12. Qd2 O-O 13. Rfe1 Nf6 14. h3
Rb8 15. b3 Re8 16. Rad1 h6 17. dxe5 dxe5 18. Na4 Rb4 19. c4 Rb8 20. Qe3 Nh5 21.
Rd2 Nf4 22. Red1 Qf6 23. Kh2 Qg6 24. Ne1 Ne6 25. Nd3 f6 26. Nac5 Nd4 27. f4 Qh5
28. fxe5 fxe5 29. Rf1 a5 30. Qg3 Ne2 31. Qf3 Qxf3 32. Rxf3 Nd4 33. Rf1 Ra8 34.
Rdf2 Ne6 35. Na4 Nd4 36. Rf7 Ra7 37. Nxe5 Be6 38. R7f4 Bxh3 39. Ng6 Bc8 40. Rf8+
Rxf8 41. Rxf8+ Kh7 42. Ne7 Bg4 43. Nc5 a4 44. Nxa4 Ra5 45. c5 Ne6 46. Rb8 Rb5
47. Nxc6 Be2 48. Re8 Nxc5 49. Nd4 Nxa4 50. Nxb5 Bxb5 51. Re5 Nc3 52. Rc5 1-0

[Event "FSGM December 2012"]
[Site "Budapest HUN"]
[Date "2012.12.08"]
[Round "7.3"]
[White "Czebe,A"]
[Black "Radlovacki,J"]
[Result "1/2-1/2"]
[WhiteTitle "GM"]
[BlackTitle "IM"]
[WhiteElo "2481"]
[BlackElo "2419"]
[WhiteFideId "705268"]
[BlackFideId "907430"]
[EventDate "2012.12.01"]

1. d4 Nf6 2. Nf3 e6 3. e3 c5 4. Bd3 b6 5. O-O Bb7 6. c4 cxd4 7. exd4 d5 8. b3
Bd6 9. Nc3 Nbd7 10. Bg5 Qb8 1/2-1/2

[Event "FSGM December 2012"]
[Site "Budapest HUN"]
[Date "2012.12.08"]
[Round "7.4"]
[White "Arngrimsson,D"]
[Black "Franco Alonso,A"]
[Result "0-1"]
[WhiteTitle "IM"]
[BlackTitle "IM"]
[WhiteElo "2384"]
[BlackElo "2480"]
[WhiteFideId "2301288"]
[BlackFideId "2214067"]
[EventDate "2012.12.01"]

1. Nf3 Nf6 2. c4 e6 3. g3 d5 4. d4 dxc4 5. Bg2 Bb4+ 6. Bd2 a5 7. O-O Nc6 8. Ne5
Nxe5 9. dxe5 Nd5 10. Qc1 O-O 11. Bxb4 axb4 12. Rd1 Qe7 13. Qxc4 c5 14. Nd2 b6
15. Qg4 Ba6 16. Ne4 Rad8 17. Nd6 Nc7 18. a3 bxa3 19. Rxa3 f6 20. f4 fxe5 21.
fxe5 h6 22. Rda1 Bb5 23. Ra7 Be8 24. h4 h5 25. Qe4 Rd7 26. Qc4 Bg6 27. Bh3 Kh7
28. Rb7 Rxd6 29. exd6 Qxd6 30. Qc3 Be4 31. Rba7 Rf6 32. Qe3 Bd5 33. Rf1 Rg6 34.
Kh2 Nb5 35. Raf7 Nd4 36. Rf8 Nxe2 37. Bg4 Rxg4 38. Qd3+ Re4 39. R1f3 c4 0-1

[Event "FSGM December 2012"]
[Site "Budapest HUN"]
[Date "2012.12.08"]
[Round "7.5"]
[White "Bagi,M"]
[Black "Antipov,M2"]
[Result "0-1"]
[WhiteTitle "FM"]
[BlackTitle "IM"]
[WhiteElo "2364"]
[BlackElo "2456"]
[WhiteFideId "742570"]
[BlackFideId "4107012"]
[EventDate "2012.12.01"]

1. e4 c5 2. Nf3 d6 3. d4 cxd4 4. Nxd4 Nf6 5. Nc3 a6 6. Bg5 Nbd7 7. Bc4 Qb6 8.
Bb3 e6 9. Bxf6 Nxf6 10. f4 Be7 11. Qd2 O-O 12. O-O-O Qc7 13. g4 b5 14. g5 Nd7
15. Bxe6 fxe6 16. Nxe6 Qc4 17. Nxf8 Bxf8 18. b3 Qc5 19. Qd5+ Qxd5 20. Nxd5 Bb7
21. Rhe1 Re8 22. h4 Kf7 23. Re2 g6 24. b4 Bxd5 25. Rxd5 Nb6 26. Rd3 d5 27. a3
dxe4 28. Rde3 Nc4 29. Rxe4 Rd8 30. Re6 Bd6 31. Rf6+ Kg7 32. c3 a5 33. bxa5 Nxa5
34. Ra2 Nb3+ 0-1

[Event "FSIM December 2012"]
[Site "Budapest HUN"]
[Date "2012.12.01"]
[Round "1.1"]
[White "Boguszlavszkij,J"]
[Black "Szeberenyi,A"]
[Result "1/2-1/2"]
[WhiteTitle "IM"]
[BlackTitle "IM"]
[WhiteElo "2208"]
[BlackElo "2331"]
[WhiteFideId "700614"]
[BlackFideId "710466"]
[EventDate "2012.12.01"]

1. g3 c5 2. Bg2 Nc6 3. e4 g6 4. f4 Bg7 5. Nf3 d6 6. O-O Nh6 7. d3 f5 8. c3 Nf7
9. Be3 O-O 10. Nbd2 e5 11. Qc2 Kh8 12. Rad1 exf4 13. gxf4 Be6 14. Kh1 Rc8 15.
Qb1 Re8 1/2-1/2

[Event "FSIM December 2012"]
[Site "Budapest HUN"]
[Date "2012.12.01"]
[Round "1.2"]
[White "Morin,Y"]
[Black "Kantor,G"]
[Result "1/2-1/2"]
[BlackTitle "FM"]
[WhiteElo "2201"]
[BlackElo "2306"]
[WhiteFideId "2600900"]
[BlackFideId "751499"]
[EventDate "2012.12.01"]

1. e4 e6 2. d4 d5 3. exd5 exd5 4. Bd3 Bd6 5. Nc3 c6 6. Nge2 Qc7 7. Be3 Ne7 8.
Qd2 Bf5 9. Bf4 Bxd3 10. Bxd6 Qxd6 11. Qxd3 O-O 12. Qg3 Nf5 13. Qxd6 Nxd6 14.
O-O-O Nd7 15. Rhe1 Rfe8 16. Ng3 f5 17. Nce2 g6 18. h4 Kf7 19. Nf4 Ne4 20. Nh1
Kf6 21. Re2 Nd6 22. Rde1 Rxe2 23. Rxe2 Re8 24. Rxe8 Nxe8 25. Kd2 h6 26. f3 g5
27. hxg5+ hxg5 28. Ne2 Nd6 29. Kd3 Nf8 30. Nf2 Ne6 31. b3 1/2-1/2

[Event "FSIM December 2012"]
[Site "Budapest HUN"]
[Date "2012.12.01"]
[Round "1.4"]
[White "Hou,Qiang"]
[Black "Kislik,E"]
[Result "1-0"]
[WhiteTitle "FM"]
[BlackTitle "IM"]
[WhiteElo "2345"]
[BlackElo "2361"]
[WhiteFideId "8601224"]
[BlackFideId "2022702"]
[EventDate "2012.12.01"]

1. e4 e5 2. Nf3 d6 3. d4 exd4 4. Nxd4 Nf6 5. Nc3 Be7 6. Be2 O-O 7. O-O Re8 8.
Re1 Bf8 9. Bf3 Nbd7 10. Bg5 h6 11. Bh4 Ne5 12. Nd5 g5 13. Bg3 c5 14. Nxf6+ Qxf6
15. Nb5 Rd8 16. Nc7 Rb8 17. Nd5 Nxf3+ 18. Qxf3 Qxb2 19. Nf6+ Kg7 20. e5 Be6 21.
Qe4 dxe5 22. Bxe5 1-0

[Event "FSIM December 2012"]
[Site "Budapest HUN"]
[Date "2012.12.01"]
[Round "1.5"]
[White "Grimm,D"]
[Black "Kahn,E"]
[Result "1/2-1/2"]
[BlackTitle "IM"]
[WhiteElo "2198"]
[BlackElo "2255"]
[WhiteFideId "740080"]
[BlackFideId "703257"]
[EventDate "2012.12.01"]

1. e4 c6 2. d4 d5 3. Nc3 dxe4 4. Nxe4 Bf5 5. Ng3 Bg6 6. h4 h6 7. Nf3 Nd7 8. h5
Bh7 9. Bd3 Bxd3 10. Qxd3 Ngf6 11. Bd2 e6 12. O-O-O Be7 13. Ne4 Nxe4 14. Qxe4 Nf6
15. Qe2 Qd5 16. c4 Qe4 17. Qxe4 Nxe4 18. Be1 c5 19. Ne5 cxd4 20. Rxd4 Nf6 21. f3
Bc5 22. Rd1 Ke7 23. Bc3 Rhd8 24. g4 Rac8 25. Rxd8 Rxd8 26. Rd1 Rxd1+ 27. Kxd1 a6
28. b3 Bd6 29. Ke2 g6 30. hxg6 Bxe5 31. Bxe5 fxg6 32. Kd3 Nd7 33. Bd4 Kd6 34.
Be3 1/2-1/2

[Event "FSIM December 2012"]
[Site "Budapest HUN"]
[Date "2012.12.03"]
[Round "2.1"]
[White "Szeberenyi,A"]
[Black "Kahn,E"]
[Result "1/2-1/2"]
[WhiteTitle "IM"]
[BlackTitle "IM"]
[WhiteElo "2331"]
[BlackElo "2255"]
[WhiteFideId "710466"]
[BlackFideId "703257"]
[EventDate "2012.12.01"]

1. d4 d5 2. c4 e6 3. Nc3 Nf6 4. Bg5 Nbd7 5. e3 Be7 6. Nf3 O-O 7. cxd5 exd5 8.
Bd3 h6 9. Bh4 Nb6 10. O-O Be6 11. a3 c6 12. Ne5 Nfd7 13. Bxe7 Qxe7 14. Nxd7 Nxd7
15. Qf3 Qh4 16. Bf5 Qf6 17. Bxe6 Qxf3 18. gxf3 fxe6 19. f4 g5 20. fxg5 hxg5 21.
Ne2 e5 22. dxe5 Nxe5 23. f4 gxf4 1/2-1/2

[Event "FSIM December 2012"]
[Site "Budapest HUN"]
[Date "2012.12.03"]
[Round "2.4"]
[White "Kantor,G"]
[Black "Lyell,M"]
[Result "1-0"]
[WhiteTitle "FM"]
[BlackTitle "FM"]
[WhiteElo "2306"]
[BlackElo "2226"]
[WhiteFideId "751499"]
[BlackFideId "402354"]
[EventDate "2012.12.01"]

1. d4 Nf6 2. c4 e6 3. Nf3 c5 4. d5 b5 5. Bg5 exd5 6. cxd5 d6 7. e4 a6 8. Bd3 Be7
9. Bf4 O-O 10. O-O Bg4 11. Nbd2 Nbd7 12. h3 Bh5 13. b3 Bg6 14. Qc2 Rc8 15. Rac1
c4 16. bxc4 bxc4 17. Nxc4 Nc5 18. Nh4 Nxd5 19. Nxg6 fxg6 20. Bd2 Nf4 21. Bxf4
Rxf4 22. Ne3 Rf8 23. Nd5 Bf6 24. Qe2 Qa5 25. Bc4 Kh8 26. Rcd1 Rfe8 27. Nxf6 gxf6
28. Rxd6 Nxe4 29. Re6 f5 30. Bxa6 Rxe6 31. Bxc8 Rd6 32. Bb7 Rd2 33. Qe3 Qxa2 34.
Bxe4 fxe4 35. Qxe4 Qd5 36. Qe8+ Kg7 37. Qe7+ Kg8 38. Qe8+ Kg7 1-0

[Event "FSIM December 2012"]
[Site "Budapest HUN"]
[Date "2012.12.03"]
[Round "2.5"]
[White "Boguszlavszkij,J"]
[Black "Morin,Y"]
[Result "1-0"]
[WhiteTitle "IM"]
[WhiteElo "2208"]
[BlackElo "2201"]
[WhiteFideId "700614"]
[BlackFideId "2600900"]
[EventDate "2012.12.01"]

1. d4 d6 2. Nc3 e5 3. dxe5 dxe5 4. Qxd8+ Kxd8 5. e4 Bb4 6. Bg5+ f6 7. O-O-O+ Nd7
8. Bd2 Ne7 9. Bc4 c6 10. Nge2 Kc7 11. Bb3 a5 12. a3 Bd6 13. Be3 b6 14. Rd2 Bc5
15. Bxc5 Nxc5 16. Ba2 b5 17. Ng3 g6 18. f3 Ne6 19. Nge2 Rd8 20. Rxd8 Kxd8 21. h4
h6 22. Nd1 Ra7 23. Nf2 Ng8 24. Rd1+ Ke7 25. Nd3 g5 26. hxg5 hxg5 27. Ng3 Kf8 28.
Nf5 1-0

[Event "FSIM December 2012"]
[Site "Budapest HUN"]
[Date "2012.12.04"]
[Round "3.1"]
[White "Morin,Y"]
[Black "Szeberenyi,A"]
[Result "0-1"]
[BlackTitle "IM"]
[WhiteElo "2201"]
[BlackElo "2331"]
[WhiteFideId "2600900"]
[BlackFideId "710466"]
[EventDate "2012.12.01"]

1. d4 Nf6 2. Nf3 g6 3. c3 Bg7 4. Bf4 d6 5. e3 O-O 6. h3 Nbd7 7. Be2 Qe8 8. Bh2
e5 9. O-O Qe7 10. Re1 c6 11. Bf1 Ne4 12. Nbd2 f5 13. Nc4 g5 14. dxe5 dxe5 15.
Qc2 0-1

[Event "FSIM December 2012"]
[Site "Budapest HUN"]
[Date "2012.12.04"]
[Round "3.2"]
[White "Lyell,M"]
[Black "Boguszlavszkij,J"]
[Result "1-0"]
[WhiteTitle "FM"]
[BlackTitle "IM"]
[WhiteElo "2226"]
[BlackElo "2208"]
[WhiteFideId "402354"]
[BlackFideId "700614"]
[EventDate "2012.12.01"]

1. e4 e6 2. d4 d5 3. e5 c5 4. c3 Nc6 5. Nf3 Nge7 6. Na3 a6 7. Nc2 Bd7 8. Bd3 Qc7
9. O-O c4 10. Be2 Ng6 11. h4 f6 12. h5 Nge7 13. Bf4 h6 14. Ne3 f5 15. b3 b5 16.
a4 Na5 17. axb5 Bxb5 18. bxc4 Nxc4 19. Nd2 Rd8 20. Ndxc4 dxc4 21. Bf3 Qd7 22.
Qc2 Nc8 23. g4 Be7 24. gxf5 O-O 25. fxe6 Qxe6 26. Bg4 Qc6 27. Bg3 Nb6 28. f4 Nd5
29. Nxd5 Qxd5 30. Qg2 Qf7 31. Qh3 Kh8 32. Be6 Qe8 33. f5 Bg5 34. Bf4 Qe7 35. Qg4
Rb8 36. Bxg5 Qxg5 37. Qxg5 hxg5 38. Rf2 Kh7 39. d5 Kh6 40. Kg2 Rb6 41. Rb2 Kxh5
42. Kg3 g4 43. Rh1+ Kg5 44. Rh4 Rxe6 45. dxe6 Rd8 46. Rxg4+ Kxf5 47. e7 Re8 48.
Rxg7 Kxe5 49. Rg4 Kd6 50. Re4 Kd7 51. Rd2+ Kc7 52. Re5 Bc6 53. Kf4 a5 54. Rd8
Rxe7 55. Rxe7+ Kxd8 56. Ra7 a4 57. Ke5 Kc8 58. Kd4 Kb8 59. Ra5 Kb7 60. Kxc4 Kb6
61. Kb4 Bd7 62. Rh5 Kc7 63. Rh6 Bc6 64. Kc5 Bd7 65. c4 Bf5 66. Rf6 Bd7 67. Rf7
Kc8 68. Kd6 Bg4 69. c5 Kb8 70. Rf4 Bd1 71. c6 1-0

[Event "FSIM December 2012"]
[Site "Budapest HUN"]
[Date "2012.12.04"]
[Round "3.4"]
[White "Grimm,D"]
[Black "Szalanczy,E"]
[Result "1/2-1/2"]
[BlackTitle "IM"]
[WhiteElo "2198"]
[BlackElo "2259"]
[WhiteFideId "740080"]
[BlackFideId "700347"]
[EventDate "2012.12.01"]

1. e4 c5 2. Nf3 d6 3. d4 cxd4 4. Nxd4 Nf6 5. Nc3 g6 6. Be3 Bg7 7. f3 Nc6 8. Qd2
O-O 9. O-O-O a5 10. h4 a4 11. a3 Bd7 12. Kb1 Rc8 13. g4 Ne5 14. h5 Rc5 15. Be2
Qa5 16. h6 Bh8 17. g5 Nh5 18. Nd5 Rxd5 19. exd5 Qxd5 20. Nf5 Qe6 21. Nd4 Qd5 22.
Nf5 Qe6 23. Nd4 Nc4 24. Nxe6 Nxd2+ 25. Rxd2 fxe6 26. Rg1 Nf4 27. Bc4 Rf5 28. Rg4
Nd5 29. Bd4 Bxd4 30. Rgxd4 Rxg5 31. Bxd5 exd5 32. Rxd5 Rg3 33. f4 Rh3 34. c4 Be6
35. R5d4 Kf7 36. Kc1 Rxh6 37. Re2 Bg4 38. Rg2 Bf5 39. Rg3 Rh1+ 40. Kd2 h5 41.
Kc3 h4 42. Re3 h3 43. Kb4 Rg1 44. Rd2 Rf1 45. Rh2 Rxf4 46. Rhxh3 Bxh3 47. Rxh3
d5 48. Kxa4 dxc4 49. Kb5 Rf2 50. b3 cxb3 51. Rxb3 Rf6 52. a4 g5 53. a5 g4 54.
Kc4 Rf5 55. Kd4 Rxa5 56. Rxb7 Ra3 57. Ke5 g3 58. Rb2 Kg6 59. Kf4 Kf6 60. Rg2 Rc3
61. Rg1 Rd3 62. Rg2 Ke6 63. Ke4 Rc3 64. Kf4 Rb3 65. Rg1 Kf6 66. Rg2 e6 67. Rg1
e5+ 68. Kg4 Ke6 69. Rg2 Kd5 70. Rd2+ Ke4 71. Re2+ Kd4 72. Rd2+ Rd3 73. Rg2 e4
74. Ra2 Rc3 75. Rd2+ Rd3 76. Ra2 g2 77. Rxg2 Rd1 78. Ra2 e3 79. Kf3 Rf1+ 80. Kg2
Rc1 81. Kf3 Rf1+ 82. Kg2 Rf7 83. Ra4+ Kd3 84. Ra3+ Kd2 85. Ra2+ Kd1 86. Ra1+ Kc2
87. Ra2+ Kc1 88. Ra1+ Kc2 89. Ra2+ Kc3 90. Ra3+ Kd4 91. Ra4+ Kc5 92. Re4 Rf2+
93. Kg3 Re2 94. Kf3 Re1 95. Rxe3 Rxe3+ 1/2-1/2